| 000 | 01310nam a22002417a 4500 | ||
|---|---|---|---|
| 005 | 2010080606516.0 | ||
| 010 | _aHIN-90027 | ||
| 020 |
_c595.00 _a9788178795461 |
||
| 035 | _aHN-62373 | ||
| 037 | _bDBAD / PUB | ||
| 082 | _a371.904 486 | ||
| 100 |
_aतायडे, प्रवीण _97708 |
||
| 245 |
_aप्राथमिक शरीर रचना शास्त्र तथा व्यायाम क्रिया विज्ञान / _cप्रवीण तायडे |
||
| 246 |
_aPrathmik Shareer Rachna Shashtra Tatha Vyayam Kriya Vigyan _bby Praveen Tayde |
||
| 260 |
_aनई दिल्ली _bस्पोर्टस पब्लिकेशन्स _c2009 |
||
| 270 |
_a7/26, ग्राउण्ड फ्लोर, अंसारी रोड़, दरियागंज _bनई दिल्ली _e110002 _k011-65749511 _l011-23240261 _mlakshaythani@hotmail.com |
||
| 300 |
_a260पृ _c22सेमी (सजिल्द) _bसचित्र |
||
| 700 | _97228 | ||
| 700 | _97267 | ||
| 700 | _97698 | ||
| 942 |
_adpl _cHN _k _2ddc _mतायडे _h371.904 486 |
||
| 999 |
_c39751 _d39751 |
||